[Event "Nyiregyhaza op"]
[Site "Nyiregyhaza"]
[Date "2005.07.17"]
[Round "9"]
[White "Kovacs, Laszlo"]
[Black "Merenkov, Mikhail"]
[Result "0-1"]
[WhiteElo "2041"]
[BlackElo "2246"]
[PlyCount "81"]
[EventDate "2005.07.09"]
[EventType "swiss"]
[EventRounds "9"]
[EventCountry "HUN"]
[SourceTitle "EXT 2008"]
[Source "ChessBase"]
[SourceDate "2007.11.25"]
[SourceVersion "1"]
[SourceVersionDate "2007.11.25"]
[SourceQuality "1"]

1. Nf3 c5 2. g3 Nc6 3. Bg2 e5 4. d3 g6 5. c4 Bg7 6. Nc3 d6 7. Rb1 h6 8. a3 a5 9. 0-0 Be6 10. Nd5 Nge7 11. Ne1 0-0 12. Nc2 a4 13. Nce3 Nd4 14. Nxe7+ Qxe7 15. Nd5 Qd8 16. b4 Nb3 17. bxc5 dxc5 18. Nc3 Qa5 19. Bd2 Rad8 20. Ne4 Qc7 21. Rxb3 axb3 22. Qxb3 f5 23. Nc3 e4 24. Bf4 Qa5 25. Nb5 exd3 26. exd3 Rd7 27. h4 Rfd8 28. Rd1 Kh7 29. Bf1 Bf7 30. Rb1 Qb6 31. Qc2 Qf6 32. Bd2 g5 33. hxg5 hxg5 34. d4 cxd4 35. Bd3 Bg6 36. c5 Rc8 37. Qa4 Rxc5 38. Bb4 Rcd5 39. Kg2 f4 40. Rh1+ Bh6 41. Qb3 0-1

[Event "Nyiregyhaza op"]
[Site "Nyiregyhaza"]
[Date "2005.07.15"]
[Round "7"]
[White "Merenkov, Mikhail"]
[Black "Zakharchenko, Arnold"]
[Result "0-1"]
[WhiteElo "2246"]
[BlackElo "2258"]
[PlyCount "124"]
[EventDate "2005.07.09"]
[EventType "swiss"]
[EventRounds "9"]
[EventCountry "HUN"]
[SourceTitle "EXT 2008"]
[Source "ChessBase"]
[SourceDate "2007.11.25"]
[SourceVersion "1"]
[SourceVersionDate "2007.11.25"]
[SourceQuality "1"]

1. e4 d6 2. d4 Nf6 3. Nc3 g6 4. g3 Bg7 5. Bg2 0-0 6. Nge2 Na6 7. 0-0 c5 8. d5 Nc7 9. a4 e6 10. dxe6 Nxe6 11. Nf4 Nd4 12. h3 Bd7 13. Ncd5 Nxd5 14. Nxd5 Bc6 15. c3 Ne6 16. Be3 Nc7 17. Qd2 Nxd5 18. exd5 Bd7 19. Bh6 Bxh6 20. Qxh6 Qf6 21. Rfe1 Rfe8 22. a5 Re5 23. Qd2 Rae8 24. f4 Rxe1+ 25. Rxe1 Rxe1+ 26. Qxe1 Kf8 27. h4 Qd8 28. b4 b6 29. bxc5 bxc5 30. Qa1 Bb5 31. Bf1 Bxf1 32. Kxf1 Qb8 33. Qa2 Qb5+ 34. Kf2 c4 35. Qd2 Qxa5 36. f5 Qc5+ 37. Kf1 gxf5 38. Qg5 Qb6 39. Qxf5 Qe3 40. Qc8+ Kg7 41. Qxc4 Qf3+ 42. Ke1 Qxg3+ 43. Kd2 Qe5 44. Qc6 a5 45. Kc2 a4 46. Kb2 Qe2+ 47. Ka3 Qc2 48. Qxa4 Qxc3+ 49. Ka2 Qe5 50. Qg4+ Kf6 51. Qf3+ Qf5 52. Qc3+ Qe5 53. Qf3+ Kg6 54. Kb3 f5 55. Kc4 Kf6 56. Qh5 Qe4+ 57. Kc3 Qe3+ 58. Kc4 Qc5+ 59. Kd3 Qxd5+ 60. Ke2 Qe4+ 61. Kf2 Qf4+ 62. Ke1 h6 0-1

[Event "Nyiregyhaza op"]
[Site "Nyiregyhaza"]
[Date "2005.07.14"]
[Round "6"]
[White "Merenkov, Mikhail"]
[Black "Orso, Miklos"]
[Result "0-1"]
[WhiteElo "2246"]
[BlackElo "2344"]
[PlyCount "162"]
[EventDate "2005.07.09"]
[EventType "swiss"]
[EventRounds "9"]
[EventCountry "HUN"]
[SourceTitle "EXT 2008"]
[Source "ChessBase"]
[SourceDate "2007.11.25"]
[SourceVersion "1"]
[SourceVersionDate "2007.11.25"]
[SourceQuality "1"]

1. e4 c5 2. Nc3 e6 3. g3 Nc6 4. Bg2 g6 5. d3 Bg7 6. Be3 b6 7. Qd2 Bb7 8. Nf3 e5 9. 0-0 Nd4 10. Ne1 d6 11. f4 Ne7 12. fxe5 dxe5 13. Bh6 0-0 14. Bxg7 Kxg7 15. Nd1 f6 16. Ne3 Qd7 17. c3 Ne6 18. Rd1 Rad8 19. Qe2 Ng5 20. h4 Nf7 21. Kh2 Qe6 22. b3 Bc8 23. Rd2 Nh6 24. N1c2 Bb7 25. g4 Nf7 26. Ne1 h6 27. Qf3 Nd6 28. Rdf2 g5 29. h5 Ne8 30. Qg3 Nc7 31. c4 Bc8 32. Bf3 Qd7 33. Nd5 Ne6 34. Nc2 Nf4 35. Rd2 Bb7 36. Nce3 Nc6 37. Nf5+ Kh7 38. Bd1 Nd4 39. Nxd4 Bxd5 40. exd5 exd4 41. Bf3 Rde8 42. Be4+ Kg7 43. Rdf2 Re5 44. Qf3 Rfe8 45. Rd2 Qe7 46. Rdd1 f5 47. gxf5 Qf7 48. Rf2 Qxh5+ 49. Qxh5 Nxh5 50. b4 Nf6 51. Rb2 cxb4 52. Rxb4 Nxe4 53. dxe4 Rxe4 54. Rb2 Kf6 55. Rbd2 Ke5 56. Rf1 Rf8 57. a4 Rxf5 58. Rb1 Rf6 59. a5 d3 60. axb6 Rxb6 61. Rxb6 axb6 62. Rxd3 Rxc4 63. d6 Rc8 64. d7 Rd8 65. Kg2 Ke6 66. Rh3 Kxd7 67. Rxh6 Kc7 68. Rg6 Rd5 69. Kf3 Re5 70. Rf6 b5 71. Rg6 b4 72. Ra6 b3 73. Ra3 Rb5 74. Ra1 b2 75. Rb1 Kd6 76. Ke3 Ke5 77. Kd3 g4 78. Kc2 g3 79. Re1+ Kf4 80. Kb1 g2 81. Rd1 Ke3 0-1

[Event "Nyiregyhaza op"]
[Site "Nyiregyhaza"]
[Date "2005.07.13"]
[Round "5"]
[White "Grecescu, Gabriel Andrei"]
[Black "Merenkov, Mikhail"]
[Result "1/2-1/2"]
[WhiteElo "2332"]
[BlackElo "2246"]
[PlyCount "100"]
[EventDate "2005.07.09"]
[EventType "swiss"]
[EventRounds "9"]
[EventCountry "HUN"]
[SourceTitle "EXT 2008"]
[Source "ChessBase"]
[SourceDate "2007.11.25"]
[SourceVersion "1"]
[SourceVersionDate "2007.11.25"]
[SourceQuality "1"]

1. c4 e5 2. g3 Nc6 3. Bg2 g6 4. Nc3 Bg7 5. e3 d6 6. d3 Be6 7. Rb1 Qd7 8. b4 Nd8 9. b5 Nf6 10. e4 0-0 11. Nge2 Bh3 12. 0-0 Bxg2 13. Kxg2 Ne6 14. f3 Nh5 15. g4 Nhf4+ 16. Nxf4 exf4 17. Ne2 g5 18. h4 h6 19. h5 Nd4 20. Nxd4 Bxd4 21. Bb2 Bxb2 22. Rxb2 b6 23. a4 a5 24. d4 Rad8 25. Qb3 Qe6 26. Qc3 Rd7 27. Re1 Re7 28. Kf2 Rfe8 29. Rd2 Qf6 30. Rd3 Rd7 31. Rc1 Red8 32. Ke2 Qe7 33. Kd2 Qf8 34. Kc2 Qe7 35. Rd2 Qf6 36. Re2 Re8 37. Rd1 Qe6 38. Red2 Red8 39. Kb3 Re8 40. d5 Qe5 41. Qxe5 Rxe5 42. c5 dxc5 43. d6 Rxd6 44. Rxd6 cxd6 45. Rxd6 Re6 46. Rd8+ Kg7 47. Kc4 Kf6 48. Rd7 Re7 49. Rd6+ Re6 50. Rd7 Re7 1/2-1/2

[Event "Nyiregyhaza op"]
[Site "Nyiregyhaza"]
[Date "2004.07.16"]
[Round "7"]
[White "Prokopisin, Vasily"]
[Black "Merenkov, Mikhail"]
[Result "1-0"]
[WhiteElo "2361"]
[BlackElo "2232"]
[PlyCount "118"]
[EventDate "2004.07.10"]
[EventType "swiss"]
[EventRounds "9"]
[EventCountry "HUN"]
[SourceTitle "EXT 2008"]
[Source "ChessBase"]
[SourceDate "2007.11.25"]
[SourceVersion "1"]
[SourceVersionDate "2007.11.25"]
[SourceQuality "1"]

1. Nf3 Nf6 2. c4 c5 3. Nc3 g6 4. d4 Bg7 5. e4 cxd4 6. Nxd4 d6 7. Be2 0-0 8. 0-0 b6 9. Be3 Bb7 10. f3 a6 11. Qd2 Re8 12. Rfd1 Nbd7 13. Rac1 Rc8 14. b3 Qc7 15. Bf1 Qb8 16. g3 Rcd8 17. Nc2 Ba8 18. Nb4 a5 19. Nc2 Ne5 20. Qf2 Nfd7 21. Nd4 Nc6 22. Ndb5 Nc5 23. Nd5 Rd7 24. Nxb6 Qxb6 25. Bxc5 Qb7 26. Be3 Rdd8 27. Bh3 Rf8 28. Bb6 f5 29. Bxd8 Nxd8 30. exf5 gxf5 31. Rd5 Qd7 32. Rd3 Nb7 33. f4 Qc8 34. Re3 Nc5 35. Rxe7 Bf6 36. Re3 Qc6 37. Bg2 Ne4 38. Qe2 Qc5 39. Re1 Bc6 40. Kh1 Rf7 41. Rxe4 fxe4 42. Qg4+ Kf8 43. Qe6 Bxb5 44. cxb5 d5 45. Rd1 Bd4 46. Qh6+ Bg7 47. Qc6 Rc7 48. Qxc5+ Rxc5 49. b6 Rb5 50. b7 Rxb7 51. Rxd5 Re7 52. Bf1 Bc3 53. Kg2 e3 54. Be2 Kg7 55. Kf3 Bd2 56. g4 Rc7 57. g5 h6 58. h4 hxg5 59. hxg5 Rc1 1-0

[Event "Nyiregyhaza op"]
[Site "Nyiregyhaza"]
[Date "2004.07.15"]
[Round "6"]
[White "Merenkov, Mikhail"]
[Black "Ianov, Viktor"]
[Result "1/2-1/2"]
[WhiteElo "2232"]
[BlackElo "2408"]
[PlyCount "107"]
[EventDate "2004.07.10"]
[EventType "swiss"]
[EventRounds "9"]
[EventCountry "HUN"]
[SourceTitle "EXT 2008"]
[Source "ChessBase"]
[SourceDate "2007.11.25"]
[SourceVersion "1"]
[SourceVersionDate "2007.11.25"]
[SourceQuality "1"]

1. e4 d6 2. d4 g6 3. Nc3 Bg7 4. Be3 a6 5. a4 b6 6. Nf3 Nd7 7. Qd2 Bb7 8. Bd3 e6 9. 0-0 h6 10. Rfe1 Ne7 11. h3 g5 12. Nh2 Ng6 13. Ne2 Nf6 14. Ng3 Nh4 15. c3 Qe7 16. Qe2 Ng6 17. Qd2 c5 18. Ng4 0-0 19. Nxf6+ Bxf6 20. Nh5 e5 21. d5 Nf4 22. Ng3 Bc8 23. Be2 Nxe2+ 24. Qxe2 Bg7 25. Nf5 Bxf5 26. exf5 Rfe8 27. Bd2 e4 28. f3 Be5 29. Qxe4 Qb7 30. Qd3 b5 31. axb5 axb5 32. Rxa8 Rxa8 33. f4 gxf4 34. Qf3 Kh7 35. Rd1 Ra4 36. b3 Ra3 37. Bxf4 Qe7 38. Qg3 Bxf4 39. Qxf4 Qe2 40. Rd2 Qe1+ 41. Kh2 Rxb3 42. f6 Qb1 43. Qxd6 Rxc3 44. Qe5 Rc1 45. d6 Re1 46. Re2 Rh1+ 47. Kg3 Qg6+ 48. Kf2 Rd1 49. Re1 Rd2+ 50. Re2 Rxe2+ 51. Kxe2 Qxg2+ 52. Ke1 Qh1+ 53. Ke2 Qg2+ 54. Ke1 1/2-1/2

[Event "Nyiregyhaza op"]
[Site "Nyiregyhaza"]
[Date "2004.07.12"]
[Round "3"]
[White "Szlabey, Geza"]
[Black "Merenkov, Mikhail"]
[Result "0-1"]
[WhiteElo "2098"]
[BlackElo "2232"]
[PlyCount "48"]
[EventDate "2004.07.10"]
[EventType "swiss"]
[EventRounds "9"]
[EventCountry "HUN"]
[SourceTitle "EXT 2008"]
[Source "ChessBase"]
[SourceDate "2007.11.25"]
[SourceVersion "1"]
[SourceVersionDate "2007.11.25"]
[SourceQuality "1"]

1. e4 e6 2. d4 d5 3. exd5 exd5 4. Bd3 Nc6 5. c3 Bd6 6. Nf3 Bg4 7. 0-0 Nge7 8. Re1 Qd7 9. Nbd2 0-0-0 10. b4 Rde8 11. b5 Nd8 12. a4 Ng6 13. Qb3 Rxe1+ 14. Nxe1 Nf4 15. Ba3 Re8 16. c4 Bxa3 17. Qxa3 dxc4 18. Bxc4 Qxd4 19. Qc1 Ne2+ 20. Bxe2 Rxe2 21. h3 Bxh3 22. Ne4 Qxe4 23. gxh3 Qd4 24. Nd3 Qxd3 0-1

[Event "Gyongyos Matra op 25th"]
[Site "Gyongyos"]
[Date "2002.08.01"]
[Round "9.8"]
[White "Merenkov, Mikhail"]
[Black "Lazar, Andras"]
[Result "1-0"]
[WhiteElo "2219"]
[BlackElo "2097"]
[PlyCount "55"]
[EventDate "2002.08.04"]
[EventType "swiss"]
[EventRounds "9"]
[EventCountry "HUN"]
[SourceTitle "EXT 2004"]
[Source "ChessBase"]
[SourceDate "2003.11.25"]
[SourceVersion "1"]
[SourceVersionDate "2003.11.25"]
[SourceQuality "1"]

1. e4 c5 2. Nc3 Nc6 3. g3 g6 4. Bg2 Bg7 5. d3 d6 6. Be3 Nf6 7. h3 Nd4 8. Nce2 e5 9. c3 Ne6 10. f4 exf4 11. Nxf4 Nxf4 12. gxf4 Nh5 13. Qf3 Qh4+ 14. Qf2 Qxf2+ 15. Kxf2 0-0 16. Bf3 Nf6 17. Ne2 Re8 18. Ng3 Rb8 19. d4 b6 20. e5 dxe5 21. fxe5 Nd7 22. Bf4 cxd4 23. cxd4 Ba6 24. Bc6 Red8 25. Bg5 f6 26. exf6 Bxf6 27. Bxf6 Rf8 28. Bd5+ 1-0

[Event "Gyongyos Matra op 25th"]
[Site "Gyongyos"]
[Date "2002.07.30"]
[Round "7.5"]
[White "Merenkov, Mikhail"]
[Black "Biro, Sandor"]
[Result "0-1"]
[WhiteElo "2219"]
[BlackElo "2341"]
[PlyCount "98"]
[EventDate "2002.08.04"]
[EventType "swiss"]
[EventRounds "9"]
[EventCountry "HUN"]
[SourceTitle "EXT 2004"]
[Source "ChessBase"]
[SourceDate "2003.11.25"]
[SourceVersion "1"]
[SourceVersionDate "2003.11.25"]
[SourceQuality "1"]

1. e4 e5 2. Nf3 Nc6 3. Bb5 g6 4. c3 a6 5. Ba4 d6 6. 0-0 Bg7 7. d3 Nge7 8. Re1 0-0 9. Nbd2 h6 10. Nf1 d5 11. Qe2 d4 12. h3 Kh7 13. N3h2 Qd6 14. Rd1 Bd7 15. Bc2 Rae8 16. c4 Nd8 17. Bd2 c5 18. a3 Nec6 19. Rdb1 Ne6 20. b4 cxb4 21. axb4 Nf4 22. Qe1 f5 23. b5 Ne7 24. Bxf4 exf4 25. f3 axb5 26. cxb5 Nd5 27. Rb2 fxe4 28. fxe4 Nc3 29. Nd2 Bxb5 30. Nhf3 Ra8 31. Rxa8 Rxa8 32. Qh4 Ra1+ 33. Kh2 Bf6 34. Qf2 Qa3 35. Rb3 Qc1 36. Nb1 Nxb1 37. Rxb5 Nd2 38. Rxb7+ Kg8 39. Rb8+ Kf7 40. Rb7+ Kf8 41. Ng1 Nf1+ 42. Kh1 Ng3+ 43. Kh2 Qe3 44. Rb8+ Ke7 45. Rb7+ Kd8 46. Qxe3 dxe3 47. Rb1 Rxb1 48. Bxb1 e2 49. Nf3 Nf1+ 0-1

[Event "Nyiregyhaza op"]
[Site "Nyiregyhaza"]
[Date "2001.07.10"]
[Round "4"]
[White "Merenkov, Mikhail"]
[Black "Bodrogi, Laszlo"]
[Result "1-0"]
[WhiteElo "2208"]
[BlackElo "2048"]
[PlyCount "53"]
[EventDate "2001.07.07"]
[EventType "swiss"]
[EventRounds "9"]
[EventCountry "HUN"]
[SourceTitle "EXT 2008"]
[Source "ChessBase"]
[SourceDate "2007.11.25"]
[SourceVersion "1"]
[SourceVersionDate "2007.11.25"]
[SourceQuality "1"]

1. e4 e6 2. d4 d5 3. Nc3 Bb4 4. e5 c5 5. a3 Bxc3+ 6. bxc3 Ne7 7. Nf3 Bd7 8. a4 Qa5 9. Qd2 Bxa4 10. Bd3 Nd7 11. 0-0 cxd4 12. Nxd4 Nxe5 13. Rxa4 Qxa4 14. Bb5+ Qxb5 15. Nxb5 0-0 16. Qe2 Nc4 17. Bf4 Ng6 18. Bg3 Rfd8 19. h4 Ne7 20. Nc7 Rac8 21. h5 Kf8 22. Re1 Re8 23. Qf3 Kg8 24. Bh4 Nc6 25. Qg3 Kh8 26. h6 g6 27. Qg5 1-0

[Event "UKR-ch"]
[Site "Sevastopol"]
[Date "2000.??.??"]
[Round "2"]
[White "Merenkov, Mikhail"]
[Black "Galinsky, Timofey"]
[Result "0-1"]
[WhiteElo "2220"]
[BlackElo "2424"]
[PlyCount "80"]
[EventDate "2000.??.??"]
[EventType "swiss"]
[EventRounds "9"]
[EventCountry "UKR"]
[SourceTitle "EXT 2001"]
[Source "ChessBase"]
[SourceDate "2000.11.22"]
[SourceVersion "1"]
[SourceVersionDate "2000.11.22"]
[SourceQuality "1"]

1. e4 e6 2. d4 d5 3. Nc3 Bb4 4. e5 c5 5. Bd2 Ne7 6. f4 Nf5 7. Nf3 cxd4 8. Nb5 Bc5 9. b4 Be7 10. Nbxd4 Nxd4 11. Nxd4 Nc6 12. Nxc6 bxc6 13. Bd3 0-0 14. 0-0 Bxb4 15. Bxb4 Qb6+ 16. Kh1 Qxb4 17. Rb1 Qe7 18. Rf3 g6 19. g4 c5 20. g5 Bb7 21. Rh3 c4 22. Be2 Rfb8 23. Qd4 Bc6 24. Rg1 Rb5 25. Bf3 Qc5 26. Qxc5 Rxc5 27. Rb1 Rb5 28. Rxb5 Bxb5 29. c3 Ba4 30. Rg3 Rb8 31. Kg1 Rb1+ 32. Kf2 d4 33. cxd4 c3 34. Be4 c2 35. Bxc2 Bxc2 36. Ra3 Rb7 37. Ke3 h5 38. gxh6 Kh7 39. Rc3 Bb1 40. a3 Kxh6 0-1

[Event "Moravia-ch op"]
[Site "Moravia"]
[Date "1996.??.??"]
[Round "?"]
[White "Kornilovich, Vitaly Eduardovich"]
[Black "Merenkov, Mikhail"]
[Result "1/2-1/2"]
[WhiteElo "2195"]
[BlackElo "2330"]
[PlyCount "99"]
[EventDate "1996.??.??"]
[EventType "swiss"]
[EventRounds "9"]
[EventCountry "CZE"]
[SourceTitle "EXT 1998"]
[Source "ChessBase"]
[SourceDate "1997.11.17"]
[SourceVersion "1"]
[SourceVersionDate "1997.11.17"]
[SourceQuality "1"]

1. e4 e6 2. d4 d5 3. Nd2 Nf6 4. e5 Nfd7 5. f4 c5 6. c3 Nc6 7. Ndf3 cxd4 8. cxd4 Qb6 9. g3 Bb4+ 10. Kf2 f6 11. Kg2 Be7 12. Bd3 g5 13. exf6 Nxf6 14. fxg5 Ne4 15. Ne2 e5 16. Rf1 Bg4 17. Nxe5 Nxe5 18. dxe5 Nxg5 19. Bxg5 Bxg5 20. Bf5 Bh5 21. Qa4+ Qc6 22. Qxc6+ bxc6 23. Nd4 Rb8 24. b3 Rb6 25. Ne6 Bh6 26. g4 Bf7 27. Nc5 Ke7 28. Rf3 Rb5 29. Na4 Bg5 30. Raf1 Be8 31. Kg3 h5 32. h3 d4 33. e6 Re5 34. Nb2 c5 35. Nc4 Re2 36. R1f2 h4+ 37. Kh2 Bf4+ 38. Kg1 Rxf2 39. Rxf2 Bg3 40. Rc2 Bb5 41. Nb2 Rc8 42. Be4 Rf8 43. Nd3 Kxe6 44. Rxc5 Bxd3 45. Bxd3 Kd6 46. Ra5 Rf3 47. Bc4 Bf4 48. Kg2 Rc3 49. Kf1 Be3 50. Rxa7 1/2-1/2

[Event "Moravia-ch op"]
[Site "Moravia"]
[Date "1996.??.??"]
[Round "?"]
[White "Merenkov, Mikhail"]
[Black "Cvek, Robert"]
[Result "1/2-1/2"]
[WhiteElo "2330"]
[BlackElo "2265"]
[PlyCount "107"]
[EventDate "1996.??.??"]
[EventType "swiss"]
[EventRounds "9"]
[EventCountry "CZE"]
[SourceTitle "EXT 1998"]
[Source "ChessBase"]
[SourceDate "1997.11.17"]
[SourceVersion "1"]
[SourceVersionDate "1997.11.17"]
[SourceQuality "1"]

1. e4 c5 2. Nc3 Nc6 3. g3 g6 4. Bg2 Bg7 5. d3 d6 6. Be3 e5 7. Qd2 Nge7 8. Bh6 Bxh6 9. Qxh6 Ng8 10. Qd2 Be6 11. f4 Qd7 12. Nf3 f6 13. 0-0 Nd4 14. Nd1 Nxf3+ 15. Bxf3 Ne7 16. Ne3 0-0 17. b3 exf4 18. gxf4 f5 19. Bg2 Rad8 20. c4 Nc6 21. Rae1 Nd4 22. Nc2 Qg7 23. Re3 Rd7 24. Kh1 Kh8 25. Nxd4 cxd4 26. Re2 fxe4 27. dxe4 Rdf7 28. h3 Bd7 29. Ref2 b5 30. Rc1 d3 31. Qxd3 Rxf4 32. Rxf4 Rxf4 33. cxb5 Qe5 34. a4 Be6 35. Qc3 Kg7 36. Qxe5+ dxe5 37. Rc3 Rf7 38. Kg1 Rd7 39. Bf1 Kf6 40. a5 Ke7 41. Kf2 g5 42. Be2 Rd4 43. Rc7+ Rd7 44. Rxd7+ Bxd7 45. Kg3 Kd6 46. b4 Kc7 47. h4 h6 48. hxg5 hxg5 49. Bf1 Be6 50. Kf2 Kb7 51. Ke3 Kc7 52. Kd2 Kb7 53. Kc3 Kc7 54. Bc4 1/2-1/2